Tilastot visalle Suomalaisia tv-sarjoja

Klikkaa tästä pelataksesi tätä visaa!

Yleistilastot

  • Tätä visaa on pelattu 554 kertaa
  • Keskiarvotulos 9 / 15

Vastaustilastot

VihjeVastaus% Oikein
Saippuasarja Pihlajakadun elämästäSalatut Elämät
98%
Sketsihahmokisa ja komediashowPutous
93%
Viihdeohjelma, jossa seitsemän artistia kokoontuu itkemään toistensa kappaleille.Vain Elämää
88%
Lastenohjelma, esitetty 1970-luvulta aina tähän päivään astiPikku Kakkonen
86%
Ensimmäinen jakso esitetty 1958, tarjoaa päivittäin tuoreinta informaatiotaYLE Uutiset
81%
Satiirinen piirrossarja poliisiasemastaPasila
78%
Varsin uusi ylen tuottama saippuasarjaa muistuttava draamasarja.Uusi Päivä
74%
Humoristinen paneeliohjelma, jossa keskustellaan viimeaikojen uutisistaHyvät ja Huonot Uutiset
57%
Komediasarja köyhästä nelihenkisestä perheestä, joka joutuu usein pulaan yksinkertaisen isän takia.Kyllä Isä Osaa
46%
Sketsisarja jota tähdittää Pirkka-Pekka Petelius ja Aake KallialaPulttibois
46%
Komediasarja vanhan huoltamon ostaneesta Vilénin perheestä.Tankki Täyteen
39%
Satiirinen poliittinen animaatiosarjaItsevaltiaat
35%
90-luvulla tuotettu sarja. Seuraa helsinkiläisen Ruususen uusioperheen elämää.Ruusun Aika
29%
Historiallinen draama, sijoittuu 1800-luvulle, kertoo Lindhofin aatelissuvun tarinaaHovimäki
24%
90-luvulla esitetty lasten komedia. Kertoo hömelöstä kaksikosta, jotka päättävät perustaa tv-aseman.Ansa ja Oiva
10%

Tulosjakauma

Persentiili vastausten määrän mukaan

Jokaisen tuloksen saaneiden osuus

Tuloshistoriasi

Et ole pelannut tätä visaa